[Event "SG Turm Raesfeld/Erle-SC Forchheim"]
[Site "?"]
[Date "2009.12.28"]
[Round "4.4"]
[White "Tünte, Hendrik"]
[Black "Herter, Leonhard"]
[Result "1-0"]
[WhiteElo "1049"]
[BlackElo "827"]
[PlyCount "69"]
[EventDate "2009.??.??"]
[WhiteTeam "SG Turm Raesfeld/Erle"]
[BlackTeam "SC Forchheim"]

1. e4 e5 2. Nf3 Nc6 3. Bc4 Bc5 4. Nc3 d6 5. d3 Nf6 6. Bg5 h6 7. Bh4 O-O 8. Nd5
Bg4 9. Nxf6+ Kh8 10. Nxg4 Qd7 11. Ne3 Bxe3 12. fxe3 a6 13. Bd5 Nb4 14. Bxb7
Rab8 15. Bd5 c6 16. Bb3 d5 17. Nxe5 Qd6 18. Nf3 Ra8 19. a3 Qc5 20. axb4 Qxe3+
21. Qe2 Qa7 22. Bf2 Qd7 23. O-O Qd6 24. Bc5 Qb8 25. Bxf8 Qxf8 26. exd5 cxd5 27.
Bxd5 Qxb4 28. Bxa8 Qf8 29. Rxa6 f6 30. Ng5 Qc5+ 31. Rf2 Qxg5 32. Qe8+ Kh7 33.
Be4+ f5 34. Bxf5+ Qxf5 35. Rxf5 1-0

[Event "SF Katernberg-SV Medizin Erfurt"]
[Site "?"]
[Date "2009.12.28"]
[Round "4.1"]
[White "Knorre, Jonas"]
[Black "Imcke, Patrick"]
[Result "0-1"]
[WhiteElo "1313"]
[BlackElo "1745"]
[PlyCount "48"]
[EventDate "2009.??.??"]
[WhiteTeam "SV Medizin Erfurt"]
[BlackTeam "SF Katernberg"]

1. c4 {[%emt 0:00:00]} e5 {[%emt 0:00:01]} 2. Nc3 {[%emt 0:00:03]} Nf6 {
[%emt 0:00:01]} 3. g3 {[%emt 0:00:02]} d5 {[%emt 0:00:01]} 4. cxd5 {
[%emt 0:00:02]} Nxd5 {[%emt 0:00:01]} 5. Bg2 Be6 6. Nf3 Nc6 7. O-O Be7 8. d4
exd4 9. Nxd4 Nxd4 10. Qxd4 Bf6 11. Qc4 Nxc3 12. Qb4 Nxe2+ 13. Kh1 Nxc1 14.
Raxc1 Qe7 15. Qa4+ Qd7 16. Qxd7+ Kxd7 17. Rfd1+ Kc8 18. b3 Rd8 19. Kg1 Rxd1+
20. Rxd1 c6 21. f4 Kc7 22. h3 Rd8 23. Rxd8 Bxd8 24. g4 Kd6 0-1

[Event "SF Katernberg-SV Medizin Erfurt"]
[Site "?"]
[Date "2009.12.28"]
[Round "4.2"]
[White "Dette, Tim"]
[Black "Lindner, Ferdinand"]
[Result "0-1"]
[WhiteElo "1260"]
[BlackElo "1413"]
[PlyCount "114"]
[EventDate "2009.??.??"]
[WhiteTeam "SF Katernberg"]
[BlackTeam "SV Medizin Erfurt"]

1. e4 c5 2. Nc3 Nc6 3. f4 g6 4. Nf3 Bg7 5. Bc4 e6 6. O-O Nge7 7. Qe1 O-O 8. d3
d5 9. Bb3 b6 10. Qh4 Bb7 11. f5 exf5 12. Bh6 fxe4 13. Bxg7 Kxg7 14. Ng5 h6 15.
Nh3 Nf5 16. Qxd8 Raxd8 17. dxe4 Ne3 18. Rfe1 d4 19. Nd5 Nxd5 20. exd5 Nb4 21.
c4 dxc3 22. bxc3 Nxd5 23. c4 Nb4 24. Nf4 Rfe8 25. Ba4 Rxe1+ 26. Rxe1 Rd4 27.
Ne2 Rxc4 28. Bb3 Re4 29. Rf1 f5 30. Ng3 Re7 31. h4 Rd7 32. h5 Rd2 33. Rf2 Rxf2
34. Kxf2 Ba6 35. hxg6 c4 36. Bd1 Kxg6 37. Ne2 Nxa2 38. Nd4 Nc3 39. Bc2 Ne4+ 40.
Bxe4 fxe4 41. Ke3 Bb7 42. Nb5 a6 43. Nc3 b5 44. Kd4 e3 45. Kxe3 Bxg2 46. Ne2
Bb7 47. Nf4+ Kf5 48. Ne2 h5 49. Ng3+ Kg4 50. Nxh5 Kxh5 51. Kd2 b4 52. Kc2 Be4+
53. Kb2 c3+ 54. Kb3 c2 55. Kb2 b3 56. Kxb3 c1=Q 57. Ka4 Qb2 0-1

[Event "SF Katernberg-SV Medizin Erfurt"]
[Site "?"]
[Date "2009.12.28"]
[Round "4.3"]
[White "Michels, Kim"]
[Black "Schimnatkowski, Lukas"]
[Result "1-0"]
[WhiteElo "1184"]
[BlackElo "1105"]
[PlyCount "77"]
[EventDate "2009.??.??"]
[WhiteTeam "SV Medizin Erfurt"]
[BlackTeam "SF Katernberg"]

1. c4 e5 2. Nc3 c5 3. g3 Nf6 4. Bg2 Nc6 5. Nf3 d6 6. O-O Be6 7. d3 Be7 8. b3
O-O 9. Bb2 Qd7 10. Qd2 Bh3 11. a3 Rab8 12. e3 a6 13. d4 b5 14. cxb5 axb5 15. d5
Na5 16. Qc2 Bf5 17. e4 Bg6 18. b4 cxb4 19. axb4 Nc4 20. Nh4 Bh5 21. Ra6 Rfc8
22. Rfa1 Bd8 23. Nf5 g6 24. Nh4 Bg4 25. Bf1 Bh3 26. Bg2 Qg4 27. f3 Qd7 28. Bc1
Bb6+ 29. Kh1 Ne3 30. Bxe3 Bxe3 31. Qd3 Bd4 32. R1a3 Rb7 33. g4 Bxc3 34. Rxc3
Rbc7 35. Rxc7 Bxg2+ 36. Kxg2 Qxc7 37. Qxb5 Qc1 38. Rc6 Ra8 39. Rxc1 1-0

[Event "SF Katernberg-SV Medizin Erfurt"]
[Site "?"]
[Date "2009.12.28"]
[Round "4.4"]
[White "Döpper, Anna Berenice"]
[Black "Nguyen, Huy Dat"]
[Result "0-1"]
[WhiteElo "906"]
[BlackElo "1153"]
[PlyCount "107"]
[EventDate "2009.??.??"]
[WhiteTeam "SF Katernberg"]
[BlackTeam "SV Medizin Erfurt"]

1. e4 {[%emt 0:00:00]} c5 2. d4 cxd4 3. Nf3 Nc6 4. c3 dxc3 5. Nxc3 e6 6. Bd3
Be7 7. O-O d6 8. Qe2 Nf6 9. Rd1 Nd7 10. Be3 O-O 11. Qc2 h6 12. Ne2 d5 13. exd5
Nb4 14. Qd2 Nxd5 15. Bd4 Bf6 16. Bxf6 N7xf6 17. Bc4 Bd7 18. Ne5 Rc8 19. Rac1
Bc6 20. Nf4 Nxf4 21. Qxf4 Qb6 22. b3 Rfd8 23. Nxc6 bxc6 24. Rd2 Nd5 25. Qd4 Qa5
26. Rcd1 Qb6 27. Qxb6 axb6 28. a3 Kf8 29. b4 Ke7 30. Kf1 Nf6 31. b5 cxb5 32.
Bxb5 Rxd2 33. Rxd2 Ne4 34. Rd7+ Kf6 35. Rb7 Ra8 36. a4 Nc5 37. Rxb6 Nxa4 38.
Bxa4 Rxa4 39. Rb3 Ra5 40. Rf3+ Rf5 41. Rxf5+ Kxf5 42. Ke2 g5 43. h3 h5 44. f3
Kf4 45. Kf2 f5 46. g3+ Ke5 47. Ke3 Kf6 48. f4 g4 49. h4 e5 50. Kf2 exf4 51.
gxf4 Ke6 52. Kg3 Kd5 53. Kf2 Ke4 54. Kg3 0-1

[Event "SV Motor Eberswalde-SC Eppelborn"]
[Site "?"]
[Date "2009.12.28"]
[Round "4.1"]
[White "Dickmann, Christopher"]
[Black "Wenzke, Tim"]
[Result "1/2-1/2"]
[WhiteElo "1212"]
[BlackElo "1506"]
[PlyCount "60"]
[EventDate "2009.??.??"]
[WhiteTeam "SC Eppelborn"]
[BlackTeam "SV Motor Eberswalde"]

1. d4 d5 2. c4 e6 3. Nc3 Nf6 4. Nf3 c6 5. Bf4 Nbd7 6. e3 Qa5 7. Bd3 Bb4 8. Qc2
O-O 9. O-O Be7 10. cxd5 exd5 11. Rac1 a6 12. Rfe1 Nh5 13. Bg3 Nxg3 14. hxg3 Nf6
15. e4 Be6 16. e5 Nd7 17. Kh2 Qd8 18. Rh1 c5 19. Rhe1 Rc8 20. Qb1 Qb6 21. Ne2
c4 22. Bc2 Bb4 23. Red1 a5 24. Kg1 Rfe8 25. Nf4 Bg4 26. Bf5 Bxf5 27. Qxf5 Nf8
28. Qh5 Ng6 29. e6 Nh8 30. Ng5 fxe6 1/2-1/2

[Event "SV Motor Eberswalde-SC Eppelborn"]
[Site "?"]
[Date "2009.12.28"]
[Round "4.2"]
[White "Tesch, Davy"]
[Black "Klesen, Jonas"]
[Result "1-0"]
[WhiteElo "1303"]
[BlackElo "995"]
[PlyCount "81"]
[EventDate "2009.??.??"]
[WhiteTeam "SV Motor Eberswalde"]
[BlackTeam "SC Eppelborn"]

1. d4 Nf6 2. Nf3 d5 3. e3 Nc6 4. b3 b6 5. Bb2 Bb7 6. Bd3 e6 7. O-O Bd6 8. Ne5
Bxe5 9. dxe5 Nd7 10. f4 O-O 11. Nd2 f5 12. Nf3 h6 13. Bb5 a6 14. Bxc6 Bxc6 15.
Nd4 Qe8 16. Nxc6 Nc5 17. Nd4 Ne4 18. Nf3 Rd8 19. Nd2 Qc6 20. Nxe4 dxe4 21. Qe2
a5 22. Rfd1 Qc5 23. Rxd8 Rxd8 24. Kf2 Qb4 25. Rd1 Re8 26. g3 Kf7 27. Qd2 Qc5
28. c3 Qc6 29. Qd7+ Qxd7 30. Rxd7+ Re7 31. Rxe7+ Kxe7 32. Ke2 b5 33. Kd2 b4 34.
cxb4 axb4 35. Bd4 Kd7 36. Bc5 Ke8 37. Bxb4 Kd7 38. Kc3 Kc8 39. Bf8 h5 40. Bxg7
Kd7 41. Kc4 1-0

[Event "SV Motor Eberswalde-SC Eppelborn"]
[Site "?"]
[Date "2009.12.28"]
[Round "4.3"]
[White "Jankir, Hevidar"]
[Black "Mätzkow, Maximilian Paul"]
[Result "1-0"]
[WhiteElo "926"]
[BlackElo "1366"]
[PlyCount "121"]
[EventDate "2009.??.??"]
[WhiteTeam "SC Eppelborn"]
[BlackTeam "SV Motor Eberswalde"]

1. e4 c5 2. Nc3 d6 3. Nf3 Nf6 4. d3 g6 5. Be2 Bg7 6. O-O O-O 7. Be3 Nc6 8. Qd2
Bd7 9. Rad1 a6 10. Rfe1 b5 11. Bh6 b4 12. Nd5 Nxd5 13. exd5 Na7 14. Bxg7 Kxg7
15. d4 Nc8 16. dxc5 dxc5 17. c3 a5 18. c4 Nd6 19. Bd3 a4 20. Re2 a3 21. b3 Nf5
22. Rde1 Re8 23. Be4 Nd6 24. Bd3 Bf5 25. Ng5 Bxd3 26. Qxd3 Nf5 27. Nf3 e6 28.
Re5 Ra7 29. R1e4 Rae7 30. Qe2 exd5 31. cxd5 Qd6 32. g4 Rxe5 33. Rxe5 Rxe5 34.
Qxe5+ Qxe5 35. Nxe5 Nd6 36. Kg2 Kf6 37. f4 g5 38. Nd7+ Ke7 39. Nxc5 gxf4 40.
Kf3 Kf6 41. Kxf4 h6 42. Na6 Nb5 43. Nxb4 Nc3 44. h4 Ne2+ 45. Ke3 Nc3 46. Kd4
Nb5+ 47. Kc5 Nc7 48. Nc2 Ke5 49. Ne3 Kf4 50. Nf5 Kxg4 51. Nxh6+ Kxh4 52. Nxf7
Kg4 53. Kc6 Ne8 54. d6 Nxd6 55. Kxd6 Kf3 56. b4 Ke2 57. b5 Kd3 58. b6 Kc3 59.
Ne5 Kb2 60. Nc4+ Kxa2 61. Nxa3 1-0

[Event "SV Motor Eberswalde-SC Eppelborn"]
[Site "?"]
[Date "2009.12.28"]
[Round "4.4"]
[White "Windschügl, Martin"]
[Black "Jankir, Delschad"]
[Result "1-0"]
[WhiteElo "1140"]
[BlackElo "758"]
[PlyCount "73"]
[EventDate "2009.??.??"]
[WhiteTeam "SV Motor Eberswalde"]
[BlackTeam "SC Eppelborn"]

1. e4 e5 2. Nf3 Nc6 3. Bc4 Nf6 4. d3 Bc5 5. Nc3 d6 6. O-O Bg4 7. h3 Bh5 8. Be3
Bb6 9. Bb5 Qd7 10. Bxc6 Qxc6 11. Bg5 O-O-O 12. Bxf6 gxf6 13. Nd5 f5 14. Ne7+
Kb8 15. Nxc6+ bxc6 16. exf5 d5 17. g4 e4 18. Ne5 Rd6 19. gxh5 Rg8+ 20. Kh1 exd3
21. Qxd3 Rf8 22. Rg1 Bxf2 23. Rg2 Bh4 24. Qa6 Bf6 25. Rg3 Ka8 26. Rb3 Rb8 27.
Rxb8+ Kxb8 28. Nxc6+ Rxc6 29. Qxc6 Bxb2 30. Qb5+ Kc8 31. Qxb2 Kd7 32. Re1 Kd6
33. Qa3+ c5 34. Qa6+ Kd7 35. Qxa7+ Kd6 36. Qxf7 Kc6 37. Rb1 1-0

[Event "SC Widdern-SV Unterkochen"]
[Site "?"]
[Date "2009.12.28"]
[Round "4.1"]
[White "Krieg, Hannes"]
[Black "Schissler, Cornelius"]
[Result "1/2-1/2"]
[WhiteElo "1457"]
[BlackElo "1263"]
[PlyCount "44"]
[EventDate "2009.??.??"]
[WhiteTeam "SV Unterkochen"]
[BlackTeam "SC Widdern"]

1. e4 {[%emt 0:00:00]} e5 2. f4 Nc6 3. Nf3 d6 4. Bc4 Bg4 5. c3 Nf6 6. d3 Be6 7.
Nbd2 exf4 8. Qb3 Qc8 9. Ng5 Na5 10. Qa4+ Nc6 11. d4 Bxc4 12. Qxc4 Qd7 13. O-O
h6 14. Nh3 g5 15. Re1 O-O-O 16. b4 Re8 17. Bb2 Rh7 18. a4 d5 19. Qd3 dxe4 20.
Nxe4 Nxe4 21. Rxe4 Rxe4 22. Qxe4 f5 1/2-1/2

[Event "SC Widdern-SV Unterkochen"]
[Site "?"]
[Date "2009.12.28"]
[Round "4.2"]
[White "Dirks, Alexander"]
[Black "Deguenther, Julius"]
[Result "1-0"]
[WhiteElo "1107"]
[BlackElo "1247"]
[PlyCount "99"]
[EventDate "2009.??.??"]
[WhiteTeam "SC Widdern"]
[BlackTeam "SV Unterkochen"]

1. e4 {[%emt 0:00:00]} e5 {[%emt 0:00:00]} 2. Nf3 {[%emt 0:00:03]} Nc6 {
[%emt 0:00:02]} 3. d4 {[%emt 0:00:00]} exd4 {[%emt 0:00:02]} 4. Nxd4 Bc5 5. Be3
Bxd4 6. Bxd4 d6 7. Bxg7 Nge7 8. Bxh8 Ng6 9. Bg7 Qg5 10. Qd2 Qxd2+ 11. Nxd2 a6
12. Bc4 Be6 13. Bxe6 fxe6 14. O-O-O O-O-O 15. Nf3 e5 16. g3 Rd7 17. Bh6 Rf7 18.
Ng5 Re7 19. h4 Nh8 20. Bf8 Rd7 21. Rhf1 h5 22. f4 Nf7 23. Nxf7 Rxf7 24. Bh6 Re7
25. fxe5 Rxe5 26. Rf8+ Kd7 27. Bf4 Rxe4 28. Rf7+ Re7 29. Rxe7+ Nxe7 30. Rg1 Ke8
31. g4 hxg4 32. Rxg4 Kf7 33. h5 b6 34. h6 Ng6 35. h7 Kg7 36. Rxg6+ Kxh7 37.
Rh6+ Kg7 38. Kd2 Kf7 39. Rh7+ Ke6 40. Rxc7 Kd5 41. Rd7 Kc5 42. Rxd6 Kb5 43. Be3
a5 44. Rxb6+ Ka4 45. b3+ Ka3 46. Bc5+ Kxa2 47. Ra6 a4 48. Rxa4+ Kb1 49. Kc3 Kc1
50. Ra1# 1-0

[Event "SC Widdern-SV Unterkochen"]
[Site "?"]
[Date "2009.12.28"]
[Round "4.3"]
[White "Zoller, Philipp"]
[Black "Weinmeister, Nico"]
[Result "0-1"]
[WhiteElo "1021"]
[BlackElo "1075"]
[PlyCount "100"]
[EventDate "2009.??.??"]
[WhiteTeam "SV Unterkochen"]
[BlackTeam "SC Widdern"]

1. e4 e5 2. Nf3 Nc6 3. Bc4 Bc5 4. c3 Nf6 5. d4 exd4 6. cxd4 Bb4+ 7. Bd2 Bxd2+
8. Nbxd2 d5 9. exd5 Nxd5 10. O-O O-O 11. Re1 Bg4 12. h3 Bh5 13. Nb3 a6 14. a3
b5 15. Bd3 Nf6 16. Bc2 Bxf3 17. Qxf3 Nxd4 18. Nxd4 Qxd4 19. b4 c5 20. Rad1 Qb2
21. Qb3 Qxb3 22. Bxb3 c4 23. Bc2 Rfe8 24. g3 Rxe1+ 25. Rxe1 a5 26. Kg2 axb4 27.
axb4 g6 28. Kf1 Nd5 29. Be4 Rd8 30. Rd1 Ne3+ 31. fxe3 Rxd1+ 32. Ke2 Rd8 33. g4
c3 34. h4 Rd2+ 35. Ke1 Rb2 36. Kd1 Rxb4 37. Bd3 Rxg4 38. Bxb5 Rxh4 39. Kc2 Re4
40. Kxc3 Rxe3+ 41. Kd2 Re5 42. Bc4 h5 43. Kd3 h4 44. Kd4 Re1 45. Bd5 h3 46. Kc4
h2 47. Kc3 h1=Q 48. Bxh1 Rxh1 49. Kd3 Re1 50. Kd2 Re8 0-1

[Event "SC Widdern-SV Unterkochen"]
[Site "?"]
[Date "2009.12.28"]
[Round "4.4"]
[White "Hoffmann, Jens"]
[Black "Haidl, Richard"]
[Result "0-1"]
[WhiteElo "899"]
[BlackElo "995"]
[PlyCount "92"]
[EventDate "2009.??.??"]
[WhiteTeam "SC Widdern"]
[BlackTeam "SV Unterkochen"]

1. e4 {[%emt 0:00:00]} e5 2. Nf3 Nc6 3. Bb5 a6 4. Ba4 Nf6 5. Nc3 Bc5 6. O-O b5
7. Bb3 d6 8. d3 h6 9. Bd2 O-O 10. a3 Bg4 11. Be3 Nd4 12. Bxd4 Bxd4 13. h3 Bh5
14. Qe2 Qd7 15. Rab1 c6 16. Ba2 Rfe8 17. Nd1 d5 18. c3 Bb6 19. Ne3 dxe4 20.
dxe4 Nxe4 21. Rbd1 Qc7 22. Bb1 Nf6 23. g3 e4 24. g4 exf3 25. Qxf3 Bg6 26. Bxg6
fxg6 27. b4 Rf8 28. Qe2 Rad8 29. Rc1 Bxe3 30. Qxe3 Rfe8 31. Qf3 Ne4 32. Rfe1
Nd2 33. Qg2 Nc4 34. Rxe8+ Rxe8 35. Ra1 Nxa3 36. Rf1 c5 37. Qd5+ Kh7 38. bxc5
Rc8 39. Ra1 Nc4 40. Rxa6 Qxc5 41. Qd3 Ne5 42. Qg3 Qxc3 43. Qg2 Rb8 44. Qe4 Re8
45. Qg2 b4 46. Ra2 b3 0-1